NBA team quizzes Philadelphia 76ers - Statistics

General Stats
  • This quiz has been taken 48 times
  • The average score is 8 of 14
Answer Stats
Hint Answer % Correct
most recent MVP Joel Embiid
98%
how many championships 3
85%
oldest MVP Wilt Chamberlain
78%
year of 3rd championship 1983
70%
year of 2nd championship 1967
65%
how many people won MVP with the 76ers 5
65%
year of first championship 1955
59%
team the 76ers went against when Ben Simmons infamously passed up an open layup Atlanta Hawks
48%
highest overall 76ers player (on all time roster) Moses Malone
48%
finals record (x-x) 3-6
46%
origin of name (document) Declaration of Independence
43%
Leading scorer Hal Greer
43%
old name Nationals
41%
old location Syracuse
39%
No matching quizzes found
Score Distribution
Percent of People with Each Score
Percentile by Number Answered
Your Score History
You have not taken this quiz